Fujimori: elegir eternamente reelegirse /
Furkejuvvon:
| Váldodahkki: | |
|---|---|
| Materiálatiipa: | Texto |
| Fáddágilkorat: |
Lasit fáddágilkoriid
Eai fáddágilkorat, Lasit vuosttaš fáddágilkora!
|
MARC
| LEADER | 00000 a a2200000 04500 | ||
|---|---|---|---|
| 001 | 1178 | ||
| 003 | |||
| 040 | |||
| 100 | |a Lauer, Mirko | ||
| 245 | |a Fujimori: elegir eternamente reelegirse / |c Mirko Lauer | ||
| 773 | |g volumen 1; páginas 26-31 | ||
| 999 | |c 26970 |d 26970 | ||
